| 000 | 00916nam a2200265 a 4500 | ||
|---|---|---|---|
| 008 | |||
| 020 | _a0316210749 (pbk. ) | ||
| 049 | _aMAIN | ||
| 090 |
_aREF RJ401 _bEDE |
||
| 100 | 1 | _aEdelson, Paul J. | |
| 245 | 1 | 0 |
_aHandbook of pediatric infectious diseases with annotated key references / _cPaul J. Edelson, Gary J. Noel. |
| 260 |
_aBoston : _bLittle, Brown, _c1992. |
||
| 300 |
_avii, 295 p. ; _c21 cm. |
||
| 504 | _aIncludes bibliographical references. | ||
| 500 | _aIncludes index. | ||
| 650 | 0 |
_aCommunicable diseases in children _xHandbooks, manuals, etc. |
|
| 650 | 2 |
_aCommunicable Diseases _xin infancy & childhood _xhandbooks. |
|
| 650 | 2 |
_aInfection _xin infancy & childhood _xhandbooks. |
|
| 700 | 1 | _aNoel, Gary J. | |
| 907 |
_a.b10160498 _b19-04-12 _c22-03-05 |
||
| 003 | |||
| 005 | 20230120203851.0 | ||
| 040 | _cNUST | ||
| 942 |
_cBOOKS _kREF RJ401 _mEDE |
||
| 999 |
_c112883 _d112883 |
||